Intercommunalités du Maine-et-Loire - Statistiques

Statistiques générales
  • Ce quiz a été pris 67 fois
  • Le résultat moyen est 6 sur 9
Statistiques - réponses
Nombres de Communes Intercommunalités % Correct
29 Communauté Urbaine Angers Loire Métropole
95%
26 Communauté d'Agglomération du Choletais
88%
45 Communauté de Communes Saumur Val de Loire
84%
11 Communauté de Communes Anjou Bleu Communauté
81%
06 Communauté d'Agglomération Mauges Communauté
67%
07 Communauté de Communes Baugeois Vallée
53%
19 Communauté de Communes Loire Layon Aubance
52%
17 Communauté de Communes Anjou Loir et Sarthe
29%
15 Communauté de Communes des Vallées du Haut-Anjou
19%
Aucun quiz correspondant
Distribution des résultats
% des personnes avec chaque résultat
Percentile par nombre de réponses
Votre historique - résultats
Vous n’avez pas pris ce quiz